| 000 | 00419pab a2200157 454500 | ||
|---|---|---|---|
| 008 | 180718b1998 xxu||||| |||| 00| 0 eng d | ||
| 100 | _aRoy, Dunu | ||
| 245 | _aRights of child labour: ethics, production and nation-state | ||
| 260 | _c1998 | ||
| 300 | _ap.PE25-29 | ||
| 362 | _a31 Jan-6 Feb | ||
| 650 | _aChild labour - India | ||
| 650 | _aChild labour | ||
| 773 | _aEconomic and Political Weekly | ||
| 909 | _a36375 | ||
| 999 |
_c36375 _d36375 |
||